000 02290cam a22002174a 4500
005 20250605164226.0
008 250528s ||||||||||||||||||||||||d
035 _a20871
020 _a9789603949190
040 _aGR-AtMCL
_bgre
_dGR-AtMCL
_eAACR2
245 1 _aΔιαταραχές Διαγωγής στην Παιδική και Εφηβική Ηλικία
260 _bΕκδόσεις Παρισιάνου,
_c2013
300 _a568
520 _aΑυτό το βιβλίο παρουσιάζει θεμελιώδεις και καινοτόμες απόψεις σχετικά με τις διαταραχές αγωγής. Πρόλογος, Κακή Συμπεριφορά: Ιστορική Αναδρομή στις Διαταραχές Διαγωγής, Η Μελέτη της Φυσιολογικής Συμπεριφοράς στην Κατανόηση των Διαταραχών Διαγωγής, Νευρολογικοί Μηχανισμοί που Διέπουν την Επιθετική Συμπεριφορά, Βιοκοινωνικές Επιδράσεις στην Αντικοινωνική Συμπεριφορά κατά την Παιδική Ηλικία, Διαταραχή Διαγωγής: Ένα γενικό πλαίσιο, Γενετικές Επιδράσεις στις Διαταραχές Διαγωγής, Ο Ρόλος των Νευροψυχολογικών Ελλειμάτων στις Διαταραχές Συμπεριφοράς, Αντιληπτικές και Παραγωγικές Διεργασίες στα Προβλήματα Επιθετικότητας και Διαγωγής, Προσκόλληση και Προβλήματα Διαγωγής, Φίλοι και Φιλίες και Διαταραχές Διαγωγής, Η Θεραπεία των Διαταραχών Διαγωγής, Οικονομική Προσέγγιση των Διαταραχών Διαγωγής, Ανατροφή Αντικοινωνικών Παιδιών, Διαταραχές Διαγωγής: Μελλοντικές Κατευθύνσεις, Ευρετήριο.
700 1 _aHill Jonatnan
_96845
700 1 _aMaughan Barbara
_96846
700 1 _aΤσίτσας Γεώργιος
_96847
942 _cBK
999 _c5952
_d5952